A Glossary of Anesthesia and Related Terminology /

The second edition of this immensely popular reference appears at a critical time for the discipline of anesthesiology. With the extensive scientific, technological, and administrative changes in the specialty, new terminology has been borrowed from other fields or simply created to meet new demands...

Full description

Bibliographic Details
Main Author: Klein, Sanford L.
Corporate Author: SpringerLink (Online service)
Format: eBook
Language:English
Published: New York, NY : Springer New York, 1993.
Edition:Second edition.
Subjects:
Online Access:Connect to the full text of this electronic book

MARC

Tag First Indicator Second Indicator Subfields
LEADER 00000cam a2200000Mi 4500
001 in00003573751
006 m o d
007 cr mnu---uuaaa
008 121227s1993 nyua o 000 0 eng
005 20260420212525.2
020 |a 9781461392385 (electronic bk.) 
020 |a 1461392381 (electronic bk.) 
020 |z 9780387978314 
020 |z 0387978313 
035 |a (OCoLC)852791060 
040 |a AU@  |b eng  |c AU@  |d OCLCO  |d OCLCQ  |d GW5XE  |d OCLCF  |d UtOrBLW 
049 |a TXAM 
050 4 |a RD78.3-87.3 
072 7 |a MMB  |2 bicssc 
072 7 |a MED006000  |2 bisacsh 
082 0 4 |a 617.96  |2 23 
100 1 |a Klein, Sanford L. 
245 1 2 |a A Glossary of Anesthesia and Related Terminology /  |c by Sanford L. Klein. 
250 |a Second edition. 
264 1 |a New York, NY :  |b Springer New York,  |c 1993. 
300 |a 1 online resource (vii, 641 pages 228 illustrations) 
336 |a text  |b txt  |2 rdacontent 
337 |a computer  |b c  |2 rdamedia 
338 |a online resource  |b cr  |2 rdacarrier 
520 |a The second edition of this immensely popular reference appears at a critical time for the discipline of anesthesiology. With the extensive scientific, technological, and administrative changes in the specialty, new terminology has been borrowed from other fields or simply created to meet new demands. This is a reliable, up-to-date and comprehensive glossary geared to help readers understand the ongoing changes in the field. It presents a systematic and practical approach to terminology that will establish a common semantic foundation for state-of-the-art, current and newly-developing concepts. The glossary offers these special features: - alphabetically arranged entries, - concise definitions of more than 2,500 anesthesiology-related terms, - cross-referencing for quick and easy access to related information, - extensive illustrations (distinctive photographs as well as line drawings) and - clear tables and charts. 
500 |a Electronic resource. 
650 0 |a Medicine. 
650 0 |a Anesthesiology. 
650 7 |a Anesthesiology.  |2 fast  |0 (OCoLC)fst00808683 
650 7 |a Medicine.  |2 fast  |0 (OCoLC)fst01014893 
655 7 |a Electronic books.  |2 local 
710 2 |a SpringerLink (Online service) 
776 1 8 |i Print version:  |z 9780387978314 
856 4 0 |u http://proxy.library.tamu.edu/login?url=https://link.springer.com/10.1007/978-1-4613-9238-5  |z Connect to the full text of this electronic book  |t 0 
994 |a 92  |b TXA 
999 |a MARS 
999 f f |s 43ddbefa-c5e4-38b3-9b05-3e89df1ea477  |i 29b8e6ed-0c90-3b04-8e94-39ce78cf77aa  |t 0 
952 f f |a Texas A&M University  |b College Station  |c Electronic Resources  |s www_evans  |d Available Online  |t 0  |e RD78.3-87.3  |h Library of Congress classification 
998 f f |a RD78.3-87.3  |t 0  |l Available Online